| 000 | 00337nam a22000857a 4500 | ||
|---|---|---|---|
| 999 |
_c24665 _d24665 |
||
| 003 | NUST | ||
| 005 | 20170620105847.0 | ||
| 008 | 140618b xxu||||| |||| 00| 0 eng d | ||
| 020 |
_cAvailable _a1563475839 |
||
| 040 |
_aDLC _bDLC _cRCMS |
||
| 082 |
_22nd,ed. _a629.1341 PAM |
||
| 100 |
_aBandu N.Pamadi _92874 |
||
| 245 |
_aPerformance ,Stability and Control Airplanes _cPamadi,Bandu N |
||
| 250 | _a2nd,ed. | ||
| 260 |
_aReston,Virginia : _bAmerican Institute of Aeronautics and Astronautics : _cc.2014 |
||
| 300 |
_axix,780,p: _bill: _c24,cm. |
||
| 440 |
_aAIAA Education Series _91422 |
||
| 500 | _aIncludes index. | ||
| 538 | _iShelf No 1 Row No 5 | ||
| 650 |
_aAerospace engineering _92467 |
||
| 856 | _3Table of Content Only | ||
| 942 |
_2ddc _cBK |
||